| 000 | 00912nam a22002657a 4500 | ||
|---|---|---|---|
| 001 | 57780 | ||
| 005 | 20260421134430.0 | ||
| 008 | 260420s2008 flua b 001 0 eng | ||
| 020 |
_a9781584887843 _qhardback : alk. paper |
||
| 040 |
_aBD-DhIUB _cBD-DhIUB _dBD-DhIUB |
||
| 082 | 0 | 0 |
_a519.5 _222 _bD427h |
| 100 | 1 | _aDer, Geoff. | |
| 245 | 1 | 2 |
_aA handbook of statistical analyses using SAS / _cGeoff Der and Brian S. Everitt |
| 250 | _a3rd ed. | ||
| 260 |
_aBoca Raton : _bCRC Press, _c2009 |
||
| 300 |
_axv, 391 p. : _bill. ; _c24 cm. |
||
| 500 | _a"A Chapman & Hall book." | ||
| 504 | _aIncludes bibliographical references (p. 377-381) and index. | ||
| 526 |
_aLIB _lGEN |
||
| 630 | 0 | 0 | _aSAS (Computer file) |
| 650 | 0 |
_aMathematical statistics _xData processing. |
|
| 700 | 1 | _aEveritt, Brian. | |
| 856 | 4 | 1 |
_3Table of contents only _uhttp://www.loc.gov/catdir/toc/ecip0818/2008021184.html |
| 942 |
_2ddc _cBK |
||
| 999 |
_c57780 _d57954 |
||